Keupayaan bacaan al-Quran di kalangan pelajar tingkatan empat di beberapa buah sekolah menengah terpilih di Negeri Terengganu /
Saved in:
| 主要作者: | |
|---|---|
| 格式: | Thesis 圖書 |
| 語言: | Malay |
| 主題: | |
| 標簽: |
添加標簽
沒有標簽, 成為第一個標記此記錄!
|
| LEADER | 01498cam a2200337 a 4500 | ||
|---|---|---|---|
| 001 | u737526 | ||
| 003 | SIRSI | ||
| 005 | 200704271134 | ||
| 008 | 070427s2006 my t 000 0 may m | ||
| 040 | |a UMA |d UMM |e rda | ||
| 043 | |a a-my-tr | ||
| 090 | |a BP42 |b A2 UMP 2006 Saim | ||
| 094 | |a BP42 |b A2 UMP 2006 Saim | ||
| 100 | 0 | |a Saidi Mohd |e author. | |
| 245 | 1 | 0 | |a Keupayaan bacaan al-Quran di kalangan pelajar tingkatan empat di beberapa buah sekolah menengah terpilih di Negeri Terengganu / |c Saidi bin Mohd. |
| 264 | 1 | |c 2006. | |
| 264 | 4 | |c 2006. | |
| 300 | |a xix, 287 leaves ; |c 30 cm. | ||
| 336 | |a text |2 rdacontent | ||
| 337 | |a unmediated |2 rdamedia | ||
| 338 | |a volume |2 rdacarrier | ||
| 502 | |a Thesis (Ph.D.) -- Jabatan Al-Quran dan Al-Hadith, Akademi Pengajian Islam, Universiti Malaya, 2007. | ||
| 504 | |a Bibliography: leaves 254-287. | ||
| 630 | 0 | 0 | |a al-Qur'an |x Recitation |x Study and teaching (Secondary) |z Terengganu |
| 630 | 0 | 0 | |a al-Qur'an |x Readings |x Study and teaching (Secondary) |z Terengganu |
| 710 | 2 | |a Universiti Malaya. |b Jabatan Al-Quran dan Al-Hadith | |
| 900 | |a HA | ||
| 596 | |a 1 12 18 | ||
| 999 | |a BP42 A2 UMP 2006 SAIM |w LC |c 1 |i A512691171 |d 9/1/2017 |e 9/1/2017 |f 21/5/2007 |g 1 |l RESERVES |m P12ISLAMKL |n 20 |r Y |s Y |t TESIS |u 18/5/2007 | ||
| 999 | |a BP42 A2 UMP 2006 SAIM |w LC |c 1 |i A512978059 |d 29/5/2007 |f 29/5/2007 |g 1 |l RESERVES |m P18ISLPURI |r Y |s Y |t TESIS |u 28/5/2007 | ||
| 999 | |a BP42 A2 UMP 2006 SAIM |w LC |c 1 |i A512838647 |d 20/12/2017 |e 20/12/2017 |l STACKS |m P01UTAMA |n 89 |r Y |s Y |t TESIS |u 24/9/2007 | ||
